[Event "Centrocoop op"]
[Site "Eforie Nord"]
[Date "1997.??.??"]
[Round "?"]
[White "Moshina, Cristina"]
[Black "Tomoiala, B."]
[Result "1/2-1/2"]
[WhiteElo "2090"]
[BlackElo "1705"]
[PlyCount "42"]
[EventDate "1997.??.??"]
[EventType "swiss"]
[EventRounds "11"]
[EventCountry "ROU"]
[SourceTitle "EXT 2010"]
[Source "ChessBase"]
[SourceDate "2010.11.25"]
[SourceVersion "1"]
[SourceVersionDate "2010.11.25"]
[SourceQuality "1"]

1. e4 c5 2. Nf3 d6 3. d4 cxd4 4. Nxd4 Nf6 5. f3 e6 6. c4 e5 7. Nb3 Be6 8. Nc3 Be7 9. Be3 Nbd7 10. Bd3 0-0 11. Qe2 Nc5 12. Nd5 Nxd5 13. exd5 Bd7 14. 0-0 g6 15. f4 exf4 16. Bxf4 Bf6 17. Rf3 Bd4+ 18. Kh1 Be8 19. Rh3 Nd7 20. Qd2 Rc8 21. Rf1 Rc7 1/2-1/2